| 000 | 00361nam a22001337a 4500 | ||
|---|---|---|---|
| 020 | _qPB. | ||
| 040 | _cFIZZA ISHAQ | ||
| 082 |
_a941.6082 _bKAM |
||
| 100 | _aMATINUDDIN,KAMAL. | ||
| 245 |
_aTRAGEDY OF ERRORS EAST PAKISTAN CRISIS 1968-1971 / _cKAMAL MATINUDDIN. |
||
| 260 |
_aPAKISTAN; _bNUST PRESS, _c1994. |
||
| 300 |
_a530 P. ; _c8.4X5.2IN |
||
| 942 |
_2ddc _cBK |
||
| 999 |
_c615790 _d615790 |
||